Tratado del bosque
Zapisane w:
| 1. autor: | |
|---|---|
| Format: | Książka |
| Język: | hiszpański |
| Wydane: |
Santiago
Renovación
1962
|
| Seria: | Colección el Viento en la Llama
|
| Hasła przedmiotowe: | |
| Etykiety: |
Dodaj etykietę
Nie ma etykietki, Dołącz pierwszą etykiete!
|
MARC
| LEADER | 00000nam a2200000 a 4500 | ||
|---|---|---|---|
| 001 | UCY9203 | ||
| 003 | CL-VaPUC | ||
| 008 | 950713e19620000CL |||||||||||||||||spa|d | ||
| 082 | 0 | 4 | |a Ch861 |b VAL |2 21 |
| 100 | 0 | |a Valle, Juvencio |e author |9 341282 | |
| 245 | 1 | 0 | |a Tratado del bosque |
| 300 | |a 47 p | ||
| 942 | |c BK | ||
| 945 | |d 19950713 00:00:00 |a rbrito | ||
| 260 | |a Santiago |b Renovación |c 1962 | ||
| 650 | 0 | |a Poesías chilenas |9 265280 | |
| 583 | |a last modification |c 19950713 00:00:00 |k Rodrigo Vera | ||
| 490 | 0 | |a Colección el Viento en la Llama | |
| 999 | |c 236331 |d 236329 | ||